Catálogo

BIOQUIMICA DE HARPER (Registro nro. 9814)

Detalles MARC
000 -LEADER
fixed length control field 00384nam a2200157 a 4500
001 - CONTROL NUMBER
control field 9814
005 - DATE AND TIME OF LATEST TRANSACTION
control field 20180713193833.0
008 - FIXED-LENGTH DATA ELEMENTS--GENERAL INFORMATION
fixed length control field 140415s1992 mx 000 0 spa d
041 ## - LANGUAGE CODE
Language code of text/sound track or separate title spa
082 ## - DEWEY DECIMAL CLASSIFICATION NUMBER
Classification number 612.01583
Item number BIO
245 00 - TITLE STATEMENT
Title BIOQUIMICA DE HARPER
250 ## - EDITION STATEMENT
Edition statement 12A ED.
260 ## - PUBLICATION, DISTRIBUTION, ETC.
Place of publication, distribution, etc. MEXICO :
Name of publisher, distributor, etc. EL MANUAL MODERNO,
Date of publication, distribution, etc. 1992
300 ## - PHYSICAL DESCRIPTION
Extent 740
650 14 - SUBJECT ADDED ENTRY--TOPICAL TERM
Topical term or geographic name entry element BIOQUIMICA
Existencias
Withdrawn status Lost status Source of classification or shelving scheme Damaged status Not for loan Home library Current library Shelving location Date acquired Source of acquisition Total Checkouts Full call number Barcode Price effective from Koha item type Collection code Inventory number Date last seen Date last checked out
Descarte   Dewey Decimal Classification     Biblioteca Karol Wojtyla Biblioteca Karol Wojtyla   03/12/2013 Compra   612.01583 BIO 24314 03/12/2013 Libro        
    Dewey Decimal Classification     Biblioteca Karol Wojtyla Biblioteca Karol Wojtyla Sala general 03/12/2013 Compra 4 612.01583 BIO 29934 03/12/2013 Libro General 151000000000000000005666 05/01/2026 09/02/2023